00960nam a2200217Ii 45000010005000000030009000050080041000140400033000550410008000880820014000962450084001102640096001943000012002903360026003023370028003283380027003569400050003839990017004339520146004509520146005963126CO-ViMGA241108s9999||||xx |||||||||||||| ||und|| aCO-ViMGAbspaerdacCO-ViMGA0 aunk04aR 750 M4510aMil obras maestras del Arte Universal:bMaravillas eternas, creaciones geniales 1a[Lugar de publicación no identificado] : Instituto Galach de librería y ediciones, 1946 avolumen atextbtxt2rdacontent aunmediatedbn2rdamedia avolumebnc2rdacarrier aidficha_siabuc: 3052. -- ficha_no_siabuc:3126 c55945d55945 001040708014aMEVIGERRbMEVIGERRcREFd2006-11-27hVol. Tomo 2oR 750 M45pECA4010r2024-11-26 10:51:55tEj.1w2024-11-26yBKz3052 | 4361 001040708014aMEVIGERRbMEVIGERRcREFd2006-11-27hVol. Tomo 1oR 750 M45pECA1382r2024-11-26 10:51:55tEj.1w2024-11-26yBKz3052 | 4360